[Event "Queima das Fitas op"]
[Site "Coimbra"]
[Date "2024.04.27"]
[Round "5"]
[White "Sousa, Andre Ventura"]
[Black "Ryabukhin, Roman"]
[Result "1-0"]
[WhiteElo "2426"]
[BlackElo "2047"]
[PlyCount "81"]
[EventDate "2024.04.25"]
[EventType "swiss"]
[EventRounds "7"]
[EventCountry "POR"]
[SourceTitle "CB18_2024"]
[SourceDate "2024.05.01"]
[SourceVersion "1"]
[SourceVersionDate "2024.05.01"]
[SourceQuality "2"]

1. e4 c6 2. d4 d5 3. e5 Bf5 4. Nf3 e6 5. Be2 Ne7 6. 0-0 Nd7 7. c3 c5 8. dxc5 Nxc5 9. Nd4 a6 10. Na3 Bg6 11. h4 h6 12. h5 Bh7 13. b4 Nd7 14. b5 a5 15. c4 Rc8 16. Bb2 Nb6 17. Rc1 Nf5 18. Nxf5 Bxf5 19. cxd5 exd5 20. Rxc8 Qxc8 21. Nb1 Bc5 22. Nd2 0-0 23. Nb3 Bc2 24. Qd2 Bxb3 25. axb3 Qf5 26. Bd4 Bxd4 27. Qxd4 Qe6 28. Rd1 Re8 29. Bg4 f5 30. Bf3 Rd8 31. Qc3 Kh7 32. Qxa5 d4 33. Bxb7 Qxb3 34. Bf3 Qe6 35. Bc6 Qb3 36. Rf1 Rb8 37. Qa7 Qg8 38. e6 Nc4 39. e7 Nd2 40. Qxb8 Qxb8 41. e8Q 1-0

[Event "Portimao op"]
[Site "Portimao"]
[Date "2024.02.17"]
[Round "8"]
[White "Tabuenca Mendataurigoitia, Daniel"]
[Black "Ryabukhin, Roman"]
[Result "1-0"]
[WhiteElo "2344"]
[BlackElo "1956"]
[PlyCount "111"]
[EventDate "2024.02.11"]
[EventType "swiss"]
[EventRounds "9"]
[EventCountry "POR"]
[SourceTitle "CB09_2024"]
[SourceDate "2024.02.28"]
[SourceVersion "1"]
[SourceVersionDate "2024.02.28"]
[SourceQuality "1"]

1. e4 c6 2. d4 d5 3. f3 e5 4. dxe5 Bc5 5. Nc3 Qb6 6. Na4 Bf2+ 7. Ke2 Qd4 8. Qxd4 Bxd4 9. f4 Bg4+ 10. Kd3 Bxg1 11. Rxg1 dxe4+ 12. Kxe4 Ne7 13. Bd3 Nd7 14. h3 Be6 15. Kf3 g5 16. Re1 gxf4 17. Bxf4 Ng6 18. Bg3 0-0 19. Kf2 Rfe8 20. Rad1 Rad8 21. b3 b5 22. Nc3 Kg7 23. Bxg6 hxg6 24. Bh4 Ra8 25. Re4 Bf5 26. Rxd7 g5 27. Bxg5 Bxd7 28. Bf6+ Kg6 29. Ne2 Bc8 30. Rh4 Kf5 31. Nd4+ Kg6 32. g4 Re6 33. g5 Rxf6+ 34. gxf6 Bd7 35. Re4 c5 36. Ne2 Bf5 37. Re3 Re8 38. Nf4+ Kg5 39. Nd5 Bxc2 40. Rg3+ Kh6 41. Ne7 c4 42. bxc4 bxc4 43. Ke2 Rd8 44. Ra3 Kg5 45. Nc6 Rd3 46. e6 Rd6 47. Re3 Bd1+ 48. Ke1 Ba4 49. exf7 Rxf6 50. Ne5 Rf5 51. Rf3 Rxe5+ 52. Kd2 Re8 53. fxe8Q Bxe8 54. Kc3 Bd7 55. a3 Be6 56. Re3 1-0

[Event "Portimao op"]
[Site "Portimao"]
[Date "2024.02.15"]
[Round "6"]
[White "Rodriguez Lopez, Rafael"]
[Black "Ryabukhin, Roman"]
[Result "1-0"]
[WhiteElo "2160"]
[BlackElo "1956"]
[PlyCount "93"]
[EventDate "2024.02.11"]
[EventType "swiss"]
[EventRounds "9"]
[EventCountry "POR"]
[SourceTitle "CB09_2024"]
[SourceDate "2024.02.28"]
[SourceVersion "1"]
[SourceVersionDate "2024.02.28"]
[SourceQuality "1"]

1. e4 c6 2. d4 d5 3. exd5 cxd5 4. Bd3 Nc6 5. c3 Qc7 6. h3 Nf6 7. Nf3 e6 8. 0-0 Bd6 9. Re1 0-0 10. a4 e5 11. dxe5 Nxe5 12. Nxe5 Bxe5 13. Na3 a6 14. Nc2 Bd7 15. Be3 Rfe8 16. Bd4 Ne4 17. Bxe5 Rxe5 18. Nd4 Rae8 19. Nf3 Rh5 20. Bf1 Qb6 21. Nd4 Rhe5 22. Qc2 Qg6 23. f3 Nc5 24. Rxe5 Rxe5 25. Qxg6 hxg6 26. a5 Ne6 27. Nxe6 Rxe6 28. Rd1 Bc6 29. h4 Re5 30. b4 g5 31. hxg5 Rxg5 32. Kf2 Re5 33. f4 Re4 34. g3 Kf8 35. Bd3 Re8 36. Rd2 Ke7 37. Re2+ Kd6 38. Rxe8 Bxe8 39. Ke3 f6 40. Kd4 g5 41. Be2 Bd7 42. Bf3 Be6 43. c4 gxf4 44. gxf4 Bd7 45. Bxd5 Bc6 46. Bxc6 bxc6 47. Ke4 1-0

[Event "Portimao op"]
[Site "Portimao"]
[Date "2024.02.12"]
[Round "3"]
[White "Ryabukhin, Roman"]
[Black "Niedbala, Bartlomiej"]
[Result "1/2-1/2"]
[WhiteElo "1956"]
[BlackElo "2382"]
[PlyCount "76"]
[EventDate "2024.02.11"]
[EventType "swiss"]
[EventRounds "9"]
[EventCountry "POR"]
[SourceTitle "CB09_2024"]
[SourceDate "2024.02.28"]
[SourceVersion "1"]
[SourceVersionDate "2024.02.28"]
[SourceQuality "1"]

1. d4 Nf6 2. Nf3 d5 3. c4 e6 4. g3 dxc4 5. Bg2 Nc6 6. 0-0 Rb8 7. Ne5 Nxe5 8. dxe5 Qxd1 9. Rxd1 Nd5 10. Bxd5 exd5 11. Rxd5 Be6 12. Rd1 Bc5 13. Nc3 0-0 14. Bg5 h6 15. Ne4 Bxf2+ 16. Kxf2 hxg5 17. Nxg5 b5 18. Ke3 Rfe8 19. Nf3 Rbd8 20. Rxd8 Rxd8 21. Nd4 Bd7 22. Rd1 Re8 23. Nf3 Bc6 24. Kf4 a6 25. e4 Kf8 26. a3 Rb8 27. Nd4 Bd7 28. Nc2 Ke8 29. Nb4 Rb6 30. Nd5 Rb7 31. h4 a5 32. h5 Be6 33. Nf6+ Ke7 34. Ng8+ Ke8 35. Nf6+ Ke7 36. Ng8+ Ke8 37. g4 Rb8 38. g5 Kf8 1/2-1/2

[Event "Portimao op"]
[Site "Portimao"]
[Date "2024.02.12"]
[Round "2"]
[White "Santos, Jose Guilherme B Li"]
[Black "Ryabukhin, Roman"]
[Result "0-1"]
[WhiteElo "2428"]
[BlackElo "1956"]
[PlyCount "66"]
[EventDate "2024.02.11"]
[EventType "swiss"]
[EventRounds "9"]
[EventCountry "POR"]
[SourceTitle "CB09_2024"]
[SourceDate "2024.02.28"]
[SourceVersion "1"]
[SourceVersionDate "2024.02.28"]
[SourceQuality "1"]

1. d4 Nf6 2. Nf3 e6 3. e3 c5 4. Bd3 Nc6 5. c3 d5 6. Nbd2 Bd6 7. Qe2 0-0 8. 0-0 e5 9. dxc5 Bxc5 10. e4 Re8 11. b4 Bb6 12. a3 Bg4 13. h3 Nh5 14. hxg4 Nf4 15. Qd1 Nxd3 16. Qb3 Bxf2+ 17. Kh1 Re6 18. g5 d4 19. cxd4 Nxc1 20. Raxc1 Nxd4 21. Nxd4 Bxd4 22. Nf3 h6 23. Nxd4 exd4 24. g6 Rxg6 25. Qxf7+ Kh7 26. Qxb7 Qh4+ 27. Kg1 Qg5 28. e5 Qe3+ 29. Kh2 Rg4 30. Rf3 Qxe5+ 31. Kg1 Qg5 32. Qxa8 Rxg2+ 33. Kh1 Re2 0-1

[Event "RUS Cup U11 final"]
[Site "Bryansk"]
[Date "2019.01.09"]
[Round "6"]
[White "Ryabukhin, Roman"]
[Black "Denisov, Matvey"]
[Result "0-1"]
[WhiteElo "1480"]
[BlackElo "1429"]
[PlyCount "118"]
[EventDate "2019.01.04"]
[EventType "swiss"]
[EventRounds "7"]
[EventCountry "RUS"]
[SourceTitle "EXT 2021"]
[Source "ChessBase"]
[SourceDate "2020.10.23"]
[SourceVersion "1"]
[SourceVersionDate "2020.10.23"]
[SourceQuality "1"]

1. d4 Nf6 2. Nf3 e6 3. c4 Bb4+ 4. Bd2 Qe7 5. g3 0-0 6. Bg2 d5 7. 0-0 Bxd2 8. Qxd2 Ne4 9. Qc2 c6 10. Nc3 Nxc3 11. bxc3 Nd7 12. Nd2 Nf6 13. e4 dxe4 14. Nxe4 Nxe4 15. Bxe4 h6 16. Rfe1 Qc7 17. Rad1 Rd8 18. Qb3 Rb8 19. d5 cxd5 20. cxd5 b6 21. c4 Bd7 22. a4 Rbc8 23. Rc1 Qc5 24. Red1 Qa5 25. Ra1 e5 26. Bc2 Rc5 27. Qd3 g6 28. Qe2 Re8 29. Bb3 h5 30. Qd2 Qxd2 31. Rxd2 Bf5 32. Re1 f6 33. f4 e4 34. Re3 Bd7 35. Rd4 f5 36. Bd1 Rec8 37. Rc3 Ra5 38. Ra3 Kf7 39. Bb3 Rac5 40. Ra1 Ke7 41. Kf2 Kd6 42. h3 Rf8 43. Ke3 Rh8 44. Rh1 h4 45. Rg1 hxg3 46. Rxg3 Be8 47. Rd1 Rh4 48. Rf1 Rc7 49. Kd4 Rch7 50. Rfg1 R7h6 51. Rf1 Rxh3 52. Rfg1 Rxg3 53. Rxg3 Rh4 54. Ke3 g5 55. Ke2 gxf4 56. Rg1 Rh2+ 57. Ke1 f3 58. Kf1 e3 59. Bd1 e2+ 0-1

[Event "RUS Cup U11 final"]
[Site "Bryansk"]
[Date "2019.01.06"]
[Round "3"]
[White "Ryabukhin, Roman"]
[Black "Kamilov, Dmitry"]
[Result "0-1"]
[WhiteElo "1480"]
[BlackElo "1920"]
[PlyCount "100"]
[EventDate "2019.01.04"]
[EventType "swiss"]
[EventRounds "7"]
[EventCountry "RUS"]
[SourceTitle "EXT 2021"]
[Source "ChessBase"]
[SourceDate "2020.10.23"]
[SourceVersion "1"]
[SourceVersionDate "2020.10.23"]
[SourceQuality "1"]

1. d4 Nf6 2. Nf3 d6 3. g3 g6 4. Bg2 Bg7 5. 0-0 0-0 6. b3 Nc6 7. Bb2 e5 8. c4 Rb8 9. d5 Ne7 10. Nc3 Nd7 11. Qc2 h6 12. Rae1 b6 13. Nd2 a5 14. f4 f5 15. e4 exf4 16. gxf4 fxe4 17. Ncxe4 Bxb2 18. Qxb2 Nf5 19. Ng3 Qf6 20. Qxf6 Nxf6 21. Nf3 Kf7 22. Nxf5 Bxf5 23. Nd4 Rbe8 24. Nb5 Rxe1 25. Rxe1 Re8 26. Rxe8 Nxe8 27. Kf2 Bd7 28. Nd4 Ng7 29. Be4 Kf6 30. Kf3 g5 31. fxg5+ hxg5 32. Ke3 Nh5 33. a3 g4 34. b4 axb4 35. axb4 Ke5 36. Nb3 Nf6 37. Bg2 b5 38. Nd2 Bc8 39. h3 Ba6 40. Kd3 bxc4+ 41. Nxc4+ Bxc4+ 42. Kxc4 g3 43. h4 Nh5 44. Kb5 Nf4 45. Bh1 g2 46. Bxg2 Nxg2 47. Kc6 Nxh4 48. b5 Nf5 49. Kxc7 Ne7 50. b6 Nxd5+ 0-1

[Event "RUS Cup U11 final"]
[Site "Bryansk"]
[Date "2019.01.05"]
[Round "2"]
[White "Tolstykh, Ivan"]
[Black "Ryabukhin, Roman"]
[Result "1-0"]
[WhiteElo "1549"]
[BlackElo "1480"]
[PlyCount "139"]
[EventDate "2019.01.04"]
[EventType "swiss"]
[EventRounds "7"]
[EventCountry "RUS"]
[SourceTitle "EXT 2021"]
[Source "ChessBase"]
[SourceDate "2020.10.23"]
[SourceVersion "1"]
[SourceVersionDate "2020.10.23"]
[SourceQuality "1"]

1. e4 c5 2. Nf3 d6 3. d4 cxd4 4. Nxd4 Nf6 5. Nc3 a6 6. h3 e5 7. Nde2 Be6 8. g4 d5 9. Ng3 Bb4 10. Bd2 0-0 11. Bg2 d4 12. Nce2 Bc5 13. Bg5 Bc4 14. b3 Bb4+ 15. Bd2 Bxd2+ 16. Qxd2 Bxe2 17. Nxe2 Nfd7 18. 0-0 Nc6 19. f4 Qb6 20. Kh1 f6 21. g5 Kh8 22. Ng3 Qb4 23. Qc1 fxg5 24. fxg5 Rxf1+ 25. Bxf1 Qc3 26. Bd3 Nb4 27. Qe1 Rc8 28. Qxc3 Rxc3 29. Ne2 Rxc2 30. Bxc2 Nxc2 31. Rd1 Nc5 32. Rd2 d3 33. Ng3 Kg8 34. Kg2 g6 35. Kf3 Kf7 36. Rd1 Ne6 37. h4 Ke7 38. Nf1 Nf4 39. Ne3 Nd4+ 40. Kf2 Nde2 41. Nd5+ Nxd5 42. exd5 Nf4 43. Kf3 Kd6 44. Ke4 Nh3 45. Rd2 Nf4 46. b4 b6 47. a4 Nh3 48. Kxd3 Kxd5 49. Kc3+ Ke6 50. Rd8 Nf4 51. Ra8 Nd5+ 52. Kb3 Nc7 53. Rh8 Nd5 54. Rxh7 Ne7 55. Kc4 Nf5 56. h5 Nd6+ 57. Kd3 gxh5 58. Rxh5 e4+ 59. Ke3 Nf5+ 60. Kf4 e3 61. Rh2 b5 62. axb5 axb5 63. Re2 Nd4 64. Rxe3+ Kf7 65. Re5 Kg6 66. Rd5 Ne6+ 67. Ke3 Nc7 68. Rc5 Ne6 69. Rc6 Kf5 70. Rxe6 1-0